Statystyki dla Wymień Części ciała

Kliknij tutaj aby rozwiązać quiz!

Ogólne statystyki

  • Ten quiz został rozwiązany 1 814 razy
  • Średni wynik to 10 z 17

Statystyki odpowiedzi

Odpowiedzi% Poprawnych
Głowa
90%
Nogi
87%
Ręce
85%
Nos
82%
Oczy
81%
Uszy
79%
Brzuch
78%
Stopy
73%
Kolana
58%
Dłonie
56%
Włosy
53%
Piersi
48%
Penis
46%
Tyłek
29%
Twarz
23%
Biodra
22%
Język
19%

Rozkład punktacji

Percentyl według liczby udzielonych odpowiedzi

Procent ludzi z każdym wynikiem

Twoja historia wyników

Nie rozwiązałeś tego quizu